| 000 | 00896nam a2200253 i 4500 | ||
|---|---|---|---|
| 001 | 47495 | ||
| 003 | ES-MaACL | ||
| 005 | 20230906161558.0 | ||
| 007 | t| | ||
| 008 | 030429s2003 sp f |||| | spa d | ||
| 020 | _a84-670-0266-2 | ||
| 080 | _a308-055.2(460)"14/15" | ||
| 100 | 1 |
_aFernández Álvarez, Manuel, _d1921-2010 _949458 |
|
| 245 | 1 | 0 |
_aCasadas, monjas, rameras y brujas _b: la olvidada historia de la mujer española en el Renacimiento / _cManuel Fernández Álvarez. |
| 260 |
_aMadrid : _bEspasa Calpe, _c[2003] |
||
| 300 |
_a346 p., [16] p. de lám. ; _c23 cm. |
||
| 490 | 1 | _aEspasa fórum | |
| 504 | _aBibliografía: p. 237-333. | ||
| 650 | 1 | 4 |
_aMujeres- _zEspaña- _xSituación social- _yS.XV. _9167823 |
| 650 | 4 |
_aMujeres- _zEspaña- _xSituación social- _yS.XVI. _9167824 |
|
| 830 | 0 |
_aEspasa fórum _9179708 |
|
| 852 |
_aES-MaACL _jL-26248 |
||
| 999 |
_c47495 _d47495 |
||